Statistiques concernant Pays selon la taille moyenne des hommes (les plus grands)

Cliquez ici pour prendre le quiz!

Statistiques générales

  • Ce quiz a été pris 189 fois
  • Le résultat moyen est 13 sur 20

Statistiques - réponses

Taille (en mètres)Réponse% Correct
1.838Pays-Bas
89%
1.824Norvège
88%
1.810Allemagne
87%
1.789Finlande
83%
1.826Danemark
82%
1.786Belgique
75%
1.787Pologne
72%
1.810Islande
68%
1.792Autriche
66%
1.791Estonie
64%
1.820Serbie
62%
1.805Croatie
58%
1.780Espagne
58%
1.794Slovaquie
58%
1.803Slovénie
58%
1.799Luxembourg
56%
1.783Grèce
53%
1.839Bosnie-Herzégovine
52%
1.803République Tchèque
52%
1.832Monténégro
51%

Distribution des résultats

Percentile par nombre de réponses

% des personnes avec chaque résultat

Votre développement - résultats

Vous n’avez pas pris ce quiz